<?xml version="1.0" encoding="UTF-8"?>
<record
    xmlns:xsi="http://www.w3.org/2001/XMLSchema-instance"
    xsi:schemaLocation="http://www.loc.gov/MARC21/slim http://www.loc.gov/standards/marcxml/schema/MARC21slim.xsd"
    xmlns="http://www.loc.gov/MARC21/slim">

  <leader>00751nam a22001577a 4500</leader>
  <controlfield tag="003">OSt</controlfield>
  <controlfield tag="005">20151025113522.0</controlfield>
  <controlfield tag="008">151025b        xxu||||| |||| 00| 0 eng d</controlfield>
  <datafield tag="040" ind1=" " ind2=" ">
    <subfield code="c">RUA</subfield>
  </datafield>
  <datafield tag="082" ind1=" " ind2=" ">
    <subfield code="a">AVM CHR 2013 B109 Or.1</subfield>
  </datafield>
  <datafield tag="100" ind1=" " ind2=" ">
    <subfield code="9">2854</subfield>
    <subfield code="a">CHRAV, VIREAK.</subfield>
  </datafield>
  <datafield tag="245" ind1=" " ind2=" ">
    <subfield code="a">The effect of mebendazole on gastrointestinal parasites of cattle in prey toteung commune sithor kandal district prey veng province, &#x1794;&#x17D2;&#x179A;&#x179F;&#x17B7;&#x1791;&#x17D2;&#x1792;&#x1797;&#x17B6;&#x1796; MEBENDAZOLE &#x179B;&#x17BE;&#x1794;&#x179A;&#x17B6;&#x179F;&#x17B7;&#x178F;&#x1780;&#x17D2;&#x1793;&#x17BB;&#x1784;&#x1780;&#x17D2;&#x179A;&#x1796;&#x17C7;&#x1796;&#x17C4;&#x17C7;&#x179C;&#x17C0;&#x1793;&#x1782;&#x17C4; &#x1793;&#x17C5;&#x1783;&#x17BB;&#x17C6;&#x1796;&#x17D2;&#x179A;&#x17C3;&#x1791;&#x1791;&#x17B9;&#x1784;&#x200B; &#x179F;&#x17D2;&#x179A;&#x17BB;&#x1780;&#x179F;&#x17CA;&#x17B8;&#x1792;&#x179A;&#x1780;&#x178E;&#x17D2;&#x178A;&#x17B6;&#x179B; &#x1781;&#x17C1;&#x178F;&#x17D2;&#x178F;&#x1796;&#x17D2;&#x179A;&#x17C3;&#x179C;&#x17C2;&#x1784;</subfield>
  </datafield>
  <datafield tag="260" ind1=" " ind2=" ">
    <subfield code="a">Phnom Penh</subfield>
    <subfield code="b">RUA</subfield>
    <subfield code="c">2013</subfield>
  </datafield>
  <datafield tag="300" ind1=" " ind2=" ">
    <subfield code="a">xi; 62p.</subfield>
    <subfield code="b">ill.</subfield>
    <subfield code="c">29cm.</subfield>
  </datafield>
  <datafield tag="942" ind1=" " ind2=" ">
    <subfield code="2">ddc</subfield>
    <subfield code="c">AVM</subfield>
  </datafield>
  <datafield tag="999" ind1=" " ind2=" ">
    <subfield code="c">2672</subfield>
    <subfield code="d">2672</subfield>
  </datafield>
  <datafield tag="952" ind1=" " ind2=" ">
    <subfield code="0">0</subfield>
    <subfield code="1">0</subfield>
    <subfield code="2">ddc</subfield>
    <subfield code="4">0</subfield>
    <subfield code="6">AVM_CHR_2013_000000000000000_B109_OR_1</subfield>
    <subfield code="7">0</subfield>
    <subfield code="9">12596</subfield>
    <subfield code="a">LBB</subfield>
    <subfield code="b">LBB</subfield>
    <subfield code="c">B109</subfield>
    <subfield code="d">2015-10-25</subfield>
    <subfield code="l">1</subfield>
    <subfield code="m">2</subfield>
    <subfield code="o">AVM CHR 2013 B109 Or.1</subfield>
    <subfield code="p">RUA017842</subfield>
    <subfield code="r">2016-06-16</subfield>
    <subfield code="s">2016-03-22</subfield>
    <subfield code="w">2015-10-25</subfield>
    <subfield code="y">AVM</subfield>
  </datafield>
  <datafield tag="952" ind1=" " ind2=" ">
    <subfield code="0">0</subfield>
    <subfield code="1">0</subfield>
    <subfield code="2">ddc</subfield>
    <subfield code="4">0</subfield>
    <subfield code="6">AVM_CHR_2013_000000000000000_B109_OR_2</subfield>
    <subfield code="7">0</subfield>
    <subfield code="9">12597</subfield>
    <subfield code="a">LBB</subfield>
    <subfield code="b">LBB</subfield>
    <subfield code="c">B109</subfield>
    <subfield code="d">2015-10-25</subfield>
    <subfield code="l">3</subfield>
    <subfield code="o">AVM CHR 2013 B109 Or.2</subfield>
    <subfield code="p">RUA017914</subfield>
    <subfield code="r">2018-02-05</subfield>
    <subfield code="s">2018-01-19</subfield>
    <subfield code="w">2015-10-25</subfield>
    <subfield code="y">AVM</subfield>
  </datafield>
  <datafield tag="952" ind1=" " ind2=" ">
    <subfield code="0">0</subfield>
    <subfield code="1">0</subfield>
    <subfield code="2">ddc</subfield>
    <subfield code="4">0</subfield>
    <subfield code="6">AVM_CHR_2013_000000000000000_B109_OR_3</subfield>
    <subfield code="7">0</subfield>
    <subfield code="9">12598</subfield>
    <subfield code="a">LBB</subfield>
    <subfield code="b">LBB</subfield>
    <subfield code="c">B109</subfield>
    <subfield code="d">2015-10-25</subfield>
    <subfield code="o">AVM CHR 2013 B109 Or.3</subfield>
    <subfield code="p">RUA017986</subfield>
    <subfield code="r">2015-10-25</subfield>
    <subfield code="w">2015-10-25</subfield>
    <subfield code="y">AVM</subfield>
  </datafield>
  <datafield tag="952" ind1=" " ind2=" ">
    <subfield code="0">0</subfield>
    <subfield code="1">0</subfield>
    <subfield code="2">ddc</subfield>
    <subfield code="4">0</subfield>
    <subfield code="6">AVM_CHR_2013_000000000000000_B109_OR_4</subfield>
    <subfield code="7">0</subfield>
    <subfield code="9">12599</subfield>
    <subfield code="a">LBB</subfield>
    <subfield code="b">LBB</subfield>
    <subfield code="c">B109</subfield>
    <subfield code="d">2015-10-25</subfield>
    <subfield code="o">AVM CHR 2013 B109 Or.4</subfield>
    <subfield code="p">RUA017770</subfield>
    <subfield code="r">2015-10-25</subfield>
    <subfield code="w">2015-10-25</subfield>
    <subfield code="y">AVM</subfield>
  </datafield>
  <datafield tag="952" ind1=" " ind2=" ">
    <subfield code="0">0</subfield>
    <subfield code="1">0</subfield>
    <subfield code="2">ddc</subfield>
    <subfield code="4">0</subfield>
    <subfield code="6">AVM_CHR_2013_000000000000000_B109_OR_5</subfield>
    <subfield code="7">0</subfield>
    <subfield code="9">12600</subfield>
    <subfield code="a">LBB</subfield>
    <subfield code="b">LBB</subfield>
    <subfield code="c">B109</subfield>
    <subfield code="d">2015-10-25</subfield>
    <subfield code="o">AVM CHR 2013 B109 Or.5</subfield>
    <subfield code="p">RUA017698</subfield>
    <subfield code="r">2015-10-25</subfield>
    <subfield code="w">2015-10-25</subfield>
    <subfield code="y">AVM</subfield>
  </datafield>
  <datafield tag="952" ind1=" " ind2=" ">
    <subfield code="0">0</subfield>
    <subfield code="1">0</subfield>
    <subfield code="2">ddc</subfield>
    <subfield code="4">0</subfield>
    <subfield code="6">AVM_CHR_2013_000000000000000_B109_OR_6</subfield>
    <subfield code="7">0</subfield>
    <subfield code="9">12601</subfield>
    <subfield code="a">LBB</subfield>
    <subfield code="b">LBB</subfield>
    <subfield code="c">B109</subfield>
    <subfield code="d">2015-10-25</subfield>
    <subfield code="o">AVM CHR 2013 B109 Or.6</subfield>
    <subfield code="p">RUA017626</subfield>
    <subfield code="r">2015-10-25</subfield>
    <subfield code="w">2015-10-25</subfield>
    <subfield code="y">AVM</subfield>
  </datafield>
  <datafield tag="952" ind1=" " ind2=" ">
    <subfield code="0">0</subfield>
    <subfield code="1">0</subfield>
    <subfield code="2">ddc</subfield>
    <subfield code="4">0</subfield>
    <subfield code="6">AVM_CHR_2013_000000000000000_B109_OR_7</subfield>
    <subfield code="7">0</subfield>
    <subfield code="9">12602</subfield>
    <subfield code="a">LBB</subfield>
    <subfield code="b">LBB</subfield>
    <subfield code="c">B109</subfield>
    <subfield code="d">2015-10-25</subfield>
    <subfield code="l">1</subfield>
    <subfield code="o">AVM CHR 2013 B109 Or.7</subfield>
    <subfield code="p">RUA017554</subfield>
    <subfield code="r">2020-06-09</subfield>
    <subfield code="s">2020-06-01</subfield>
    <subfield code="w">2015-10-25</subfield>
    <subfield code="y">AVM</subfield>
  </datafield>
  <datafield tag="952" ind1=" " ind2=" ">
    <subfield code="0">0</subfield>
    <subfield code="1">0</subfield>
    <subfield code="2">ddc</subfield>
    <subfield code="4">0</subfield>
    <subfield code="6">AVM_CHR_2013_000000000000000_B109_OR_8</subfield>
    <subfield code="7">0</subfield>
    <subfield code="9">12603</subfield>
    <subfield code="a">LBB</subfield>
    <subfield code="b">LBB</subfield>
    <subfield code="c">B109</subfield>
    <subfield code="d">2015-10-25</subfield>
    <subfield code="o">AVM CHR 2013 B109 Or.8</subfield>
    <subfield code="p">RUA017667</subfield>
    <subfield code="r">2015-10-25</subfield>
    <subfield code="w">2015-10-25</subfield>
    <subfield code="y">AVM</subfield>
  </datafield>
  <datafield tag="952" ind1=" " ind2=" ">
    <subfield code="0">0</subfield>
    <subfield code="1">0</subfield>
    <subfield code="2">ddc</subfield>
    <subfield code="4">0</subfield>
    <subfield code="6">AVM_CHR_2013_000000000000000_B109_OR_9</subfield>
    <subfield code="7">0</subfield>
    <subfield code="9">12604</subfield>
    <subfield code="a">LBB</subfield>
    <subfield code="b">LBB</subfield>
    <subfield code="c">B109</subfield>
    <subfield code="d">2015-10-25</subfield>
    <subfield code="o">AVM CHR 2013 B109 Or.9</subfield>
    <subfield code="p">RUA017978</subfield>
    <subfield code="r">2015-10-25</subfield>
    <subfield code="w">2015-10-25</subfield>
    <subfield code="y">AVM</subfield>
  </datafield>
</record>
